QUEST Central Library Banner

Bangladesh Untold Facts (Record no. 58008)

MARC details
000 -LEADER
fixed length control field 00334nam a22001457a 4500
020 ## - INTERNATIONAL STANDARD BOOK NUMBER
ISBN 9699739401
020 ## - INTERNATIONAL STANDARD BOOK NUMBER
ISBN 978-9699739408
082 ## - DEWEY DECIMAL CLASSIFICATION NUMBER
Classification number 954.9205HAQ
100 ## - MAIN ENTRY--AUTHOR NAME
Personal name Dalim, Shariful Haq
245 ## - TITLE STATEMENT
Title Bangladesh Untold Facts
260 ## - PUBLICATION, DISTRIBUTION, ETC. (IMPRINT)
Place of publication Lahore:
Name of publisher Jumhoori Pub,
Year of publication 2015.
300 ## - PHYSICAL DESCRIPTION
Number of Pages 460p. ;
650 ## - SUBJECT ADDED ENTRY--TOPICAL TERM
Topical Term Bangladesh
942 ## - ADDED ENTRY ELEMENTS (KOHA)
Koha item type Books
Holdings
Withdrawn status Lost status Home library Current library Date acquired Cost, normal purchase price Full call number Accession Number Koha item type
    Central Library, QUEST, Nawabshah Central Library, QUEST, Nawabshah 25/10/2017 1200.00 954.9205HAQ 56719 Books

Copyright © 2018,The QUEST, Nawabshah, Shaheed Benazirabad. All rights reserved
Mr. G. Farooq Channar (Librarian) QUEST, Nawabshah, Sindh, Pakistan 67480.
 Ph#: |   0244-9370381-4 Ext. 2308   Email| lib@quest.edu.pk   Web|  http://www.quest.edu.pk